| 000 | 01003nam a2200265 a 4500 | ||
|---|---|---|---|
| 001 | 000006752 | ||
| 003 | DO-SdBPM | ||
| 005 | 20250603084542.0 | ||
| 008 | 090902s1988 dr 000 0 spa d | ||
| 040 |
_aDO-SdBPM _bspa _cBPMSU |
||
| 082 | 4 |
_a610.8 _bJ82e 1988 _222 |
|
| 100 | 1 |
_aSalomón Jorge _d1913 |
|
| 245 | 1 | 0 |
_aEspigas / _cSalomón, Jorge. |
| 260 |
_aSantiago de los Caballeros, República Dominicana : _bPontificia Universidad Católica Madre y Maestra, _c1988. |
||
| 300 |
_a406 p. : _bilus., gráf. ; _c23 cm. |
||
| 490 | 0 | _aContemporáneos | |
| 500 | _aIncluye datos biográficos del autor | ||
| 500 | _aIncluye referencias bibliográficas y notas al pie de las páginas | ||
| 590 | _a Inventariado, 2025/VM | ||
| 650 | 4 |
_aMedicina. _xEnsayos, conferencias, etc |
|
| 650 | 4 |
_a Investigación científica _zRepública Dominicana |
|
| 710 | 1 |
_aRepública Dominicana _bPontificia Universidad Católica Madre y Maestra, |
|
| 910 | _aVMateo V. Control de calidad. BPMSU | ||
| 942 |
_2ddc _cBK |
||
| 999 |
_c15126 _d15126 |
||